00311nam a2200121Ia 4500008004100000082001000041100001700051245002400068260004200092300000700134630002400141730002400165100204s9999 xx 000 0 und d b21660 aSHINDE P. G. aPRACTICAL GEOGRAPHY b"CCHETANA PRAKASHAN, BOMBAY"c1986-87 a49 aPRACTICAL GEOGRAPHY aPRACTICAL GEOGRAPHY